书目信息 |
| 题名: |
纸婚
|
|
| 作者: | 陈若曦 著 | |
| 分册: | ||
| 出版信息: | 北京 中国文联出版公司 1987 |
|
| 页数: | 278页 | |
| 开本: | 20cm | |
| 丛书名: | 香港台湾与海外华文文学丛书 | |
| 单 册: | ||
| 中图分类: | I247.5 , I711.4 | |
| 科图分类: | ||
| 主题词: | 长篇小说--中国--现代 , 文学 | |
| 电子资源: | ||
| ISBN: | 7-5059-0062-5 | |
| 000 | 00734nam2 2200277 45 | |
| 001 | 0187004860 | |
| 005 | 20040418094501.6 | |
| 010 | @a7-5059-0062-5@dCNY2.15 | |
| 100 | @a19900903d1987 em y0chiy0121 ea | |
| 101 | 0 | @achi |
| 102 | @aCN@b110000 | |
| 105 | @ay z 000ay | |
| 106 | @ar | |
| 200 | 10 | @a纸婚@Azhi hun@f陈若曦著 |
| 210 | @a北京@c中国文联出版公司@d1987 | |
| 215 | @a278页@d20cm | |
| 225 | 2 | @a香港台湾与海外华文文学丛书 |
| 410 | 0 | @120010@a香港台湾与海外华文文学丛书 |
| 606 | @a长篇小说@y中国@z现代 | |
| 606 | 0 | @a文学 |
| 690 | @aI247.5@v3 | |
| 690 | @aI711.4 | |
| 701 | 0 | @a陈若曦@Achen ruo xi@4著 |
| 801 | 0 | @aCN@b深圳图书馆@c20040418 |
| 801 | 2 | @aCN@bNLC@c20040418 |
| 905 | @f4@b214759-762@dI711.4@e7 | |
| 纸婚/陈若曦著.-北京:中国文联出版公司,1987 |
| 278页;20cm.-(香港台湾与海外华文文学丛书) |
| ISBN 7-5059-0062-5:CNY2.15 |
| ● |
| 相关链接 |
|
|
|
|
正题名:纸婚
索取号:I711.4/7
 
预约/预借
| 序号 | 登录号 | 条形码 | 馆藏地/架位号 | 状态 | 备注 |
| 1 | 0214759 | 001587385 | 第二借阅区/ [索取号:I711.4/7] | 在馆 | |
| 2 | 0214760 | 001648827 | 第二借阅区/ [索取号:I711.4/7] | 在馆 | |
| 3 | 0214761 | 001590594 | 第二借阅区/ [索取号:I711.4/7] | 在馆 | |
| 4 | 0214762 | 000060310 | 第二借阅区/ [索取号:I711.4/7] | 在馆 | |
| 5 | 0214763 | 000127669 | 第一样本阅览室/ [索取号:I711.4/7] | 在馆 |